Object-oriented systems analysis and design / (Record no. 407)

MARC details
000 -LEADER
fixed length control field 00639cac a22001931u 4500
008 - FIXED-LENGTH DATA ELEMENTS--GENERAL INFORMATION
fixed length control field 081108t2004 n ||||| |||| 001 0 eng d
010 ## - LIBRARY OF CONGRESS CONTROL NUMBER
LC control number 2003062230
020 ## - INTERNATIONAL STANDARD BOOK NUMBER
International Standard Book Number 0131133268 (alk. paper)
020 ## - INTERNATIONAL STANDARD BOOK NUMBER
International Standard Book Number 0131248502
020 ## - INTERNATIONAL STANDARD BOOK NUMBER
International Standard Book Number 9780131133266 (alk. paper)
082 00 - DEWEY DECIMAL CLASSIFICATION NUMBER
Classification number 004.21
Edition number 22
Item number OBJ
245 00 - TITLE STATEMENT
Title Object-oriented systems analysis and design /
Statement of responsibility, etc Joey F. George ... [et al.].
260 ## - PUBLICATION, DISTRIBUTION, ETC. (IMPRINT)
Place of publication, distribution, etc Upper Saddle River, NJ :
Name of publisher, distributor, etc Pearson Prentice Hall,
Date of publication, distribution, etc c2004.
300 ## - PHYSICAL DESCRIPTION
Extent xxvi, 500 p. :
Other physical details ill. ;
Dimensions 29 cm.
650 #0 - SUBJECT ADDED ENTRY--TOPICAL TERM
Topical term or geographic name as entry element System design.
9 (RLIN) 18050
650 #0 - SUBJECT ADDED ENTRY--TOPICAL TERM
Topical term or geographic name as entry element System analysis.
9 (RLIN) 18051
700 1# - ADDED ENTRY--PERSONAL NAME
Personal name George, Joey F.
9 (RLIN) 18052
942 ## - ADDED ENTRY ELEMENTS (KOHA)
Item type Book - Borrowing
Call number prefix 004.21 OBJ
Source of classification or shelving scheme Dewey Decimal Classification
Holdings
Withdrawn status Item status Source of classification or shelving scheme Damaged status Not for loan Vendor Home library Current library Shelving location Date acquired Source of acquisition Cost, normal purchase price Total Checkouts Total Renewals Full call number Barcode Date last seen Date last borrowed Cost, replacement price Koha item type
    Dewey Decimal Classification       Central Library Central Library Lower Floor 06/04/2011   206.94 3 9 004.21 OBJ 000004226 15/07/2025 04/12/2013 258.68 Book - Borrowing